Ženy-podnikatelky v minulosti a současnosti

Salvato in:
Dettagli Bibliografici
Altri autori: Slavíčková, Pavla
Natura: Libro
Lingua:ceco
Pubblicazione: Praha Nakladatelství Lidové noviny 2016
Edizione:1. vydání
Soggetti:
Tags: Aggiungi Tag
Nessun Tag, puoi essere il primo ad aggiungerne!!

MARC

LEADER 00000nam a2200000 4500
001 0295446
005 20240416113828.6
020 |a 978-80-7422-508-6 
041 0 |a cze 
044 |a CZ 
245 1 0 |a Ženy-podnikatelky v minulosti a současnosti  |c Pavla Slavíčková (ed.) 
250 |a 1. vydání 
264 1 |a Praha  |b Nakladatelství Lidové noviny  |c 2016 
300 |a 292 s. 
610 2 0 |a podnikanie 
610 2 0 |a podnikatelia 
610 2 0 |a ženy 
610 2 0 |a rovnosť rodová 
700 1 |a Slavíčková, Pavla